• 首页
  • 本馆介绍
  • 公告通知
  • 最新文献
  • 馆藏检索
  • 电子资源
  • 读者导购
  • 参考咨询
  • 我的图书馆
  • 登录
  • 详细信息显示
  • 放入我的书架
  • 预约/预借图书
  • 作者相关作品
  • 分类相关作品
  • 丛书相关作品
  • 出版社相关作品

书目信息

  • 表格格式
  • 工作单格式
  • 卡片格式
题名:
巧解初中英语试题
    
 
作者: 原新晓 主编
分册:  
出版信息: 北京   华夏出版社  1996.01
页数: 248页
开本: 19cm
丛书名:
单 册:
中图分类: G633.41
科图分类:
主题词: 教育--各级
电子资源:
ISBN: 7-5080-0897-9
000 00584nam0 2200205 45
001 0405061629
005 20040506164037.0
010    @a7-5080-0897-9@dCNY9.00
100    @a20040506d1996 km y0chiy0120 ea
101 0  @achi
105    @a z 000yy
200 1  @a巧解初中英语试题@AQiao Jie Chu Zhong Ying Yu Shi Ti@f原新晓主编@FYuan Xin Xiao Zhu Bian
205    @a修订本
210    @a北京@c华夏出版社@d1996.01
215    @a248页@d19cm
606 0  @a教育@x各级
690    @aG633.41@v3
701  0 @a原新晓@4主编
801    @aCN@bPftUser@c20040506
905    @f4@b274965-968@dG633.41@e101=2
    
    巧解初中英语试题/原新晓主编.-修订本.-北京:华夏出版社,1996.01
    248页;19cm
    
    
    ISBN 7-5080-0897-9:CNY9.00
    
●
相关链接 在E读中查询图书 在五车中查询图书 在当当中查询图书 在豆瓣中查询图书


正题名:巧解初中英语试题     索取号:G633.41/101=2         预约/预借

序号 登录号 条形码 馆藏地/架位号 状态 备注
1 0274965   000251925   密集书库/ [索取号:G633.41/101=2] 在馆    
2 0274966   000251854   密集书库/ [索取号:G633.41/101=2] 在馆    
3 0274967   000251907   密集书库/ [索取号:G633.41/101=2] 在馆    
4 0274968   000251890   密集书库/ [索取号:G633.41/101=2] 在馆    
5 0274969   000251916   第一样本阅览室/ [索取号:G633.41/101=2] 在馆    
唐山师范学院图书馆 欢迎您!
大连网信软件有限公司© 版权所有